书目信息 |
| 题名: |
世界经济学
|
|
| 作者: | 庄宗明 主编 | |
| 分册: | ||
| 出版信息: | 北京 科学出版社 2015.01 |
|
| 页数: | 341页 | |
| 开本: | 26cm | |
| 丛书名: | ||
| 单 册: | ||
| 中图分类: | F11-0 | |
| 科图分类: | ||
| 主题词: | 世界经济学--高等学校--教材 | |
| 电子资源: | ||
| ISBN: | 978-7-03-043080-9 | |
| 000 | 01155nam0 2200241 450 | |
| 001 | 4506 | |
| 005 | 20181015085517.62 | |
| 010 | @a978-7-03-043080-9@dCNY48.00 | |
| 100 | @a20151327d2015 em y0chiy0110 ea | |
| 101 | 0 | @achi |
| 102 | @aCN@b110000 | |
| 105 | @ay z 000yy | |
| 200 | 1 | @a世界经济学@9shi jie jing ji xue@f庄宗明主编 |
| 205 | @a3版 | |
| 210 | @a北京@c科学出版社@d2015.01 | |
| 215 | @a341页@d26cm | |
| 300 | @a科学版精品课程立体化教材·经济学系列 | |
| 330 | @a本书以世界经济整体为研究对象,考察和分析世界经济的发展过程、发展规律和发展趋势。全书共三篇十一章:第一篇阐述世界经济的形成过程和运行规律,包括科技进步对世界产业结构的影响和国际分工的形成、国际贸易和世界市场的运行规则、生产要素的国际流动和生产的国际化,以及国际货币体系的演变和国际金融市场的运行;第二篇阐述世界经济发展中世界经济格局的演变、区域经济合作和经济全球化的发展趋势;第三篇阐述在经济全球化背景下世界经济发展中的全球性问题、国际经济协调机制、世界经济的可持续发展和和谐世界的构建等重大问题。 | |
| 606 | 0 | @a世界经济学@x高等学校@j教材 |
| 690 | @aF11-0@v5 | |
| 701 | 0 | @a庄宗明@9zhuang zong ming@4主编 |
| 801 | 0 | @aCN@b91MARC@c20151327 |
| 905 | @aMuseLib@dF11-0@e193=3 | |
| 世界经济学/庄宗明主编.-3版.-北京:科学出版社,2015.01 |
| 341页;26cm |
| 科学版精品课程立体化教材·经济学系列 |
| ISBN 978-7-03-043080-9:CNY48.00 |
| 本书以世界经济整体为研究对象,考察和分析世界经济的发展过程、发展规律和发展趋势。全书共三篇十一章:第一篇阐述世界经济的形成过程和运行规律,包括科技进步对世界产业结构的影响和国际分工的形成、国际贸易和世界市场的运行规则、生产要素的国际流动和生产的国际化,以及国际货币体系的演变和国际金融市场的运行;第二篇阐述世界经济发展中世界经济格局的演变、区域经济合作和经济全球化的发展趋势;第三篇阐述在经济全球化背景下世界经济发展中的全球性问题、国际经济协调机制、世界经济的可持续发展和和谐世界的构建等重大问题。 |
| ● |
| 相关链接 |
|
|
|
|
正题名:世界经济学
索取号:F11-0/193=3
 
预约/预借
| 序号 | 登录号 | 条形码 | 馆藏地/架位号 | 状态 | 备注 |
| 1 | 1125446 | 211254462 | 第一样本阅览室/ [索取号:F11-0/193=3] | 在馆 | |
| 2 | 1125447 | 211254471 | 第一借阅区/ [索取号:F11-0/193=3] | 在馆 | |
| 3 | 1125448 | 211254480 | 第一借阅区/ [索取号:F11-0/193=3] | 在馆 | |
| 4 | 1125449 | 211254499 | 密集书库-数信学院/ [索取号:F11-0/193=3] | 在馆 | |
| 5 | 1125450 | 211254505 | 第一借阅区/ [索取号:F11-0/193=3] | 在馆 |